| 000 -LEADER |
| fixed length control field |
00784cam a2200229 a 4500 |
| 001 - CONTROL NUMBER |
| control field |
4347 |
| 003 - CONTROL NUMBER IDENTIFIER |
| control field |
BD-DhUAP |
| 005 - DATE AND TIME OF LATEST TRANSACTION |
| control field |
20210117093635.0 |
| 008 - FIXED-LENGTH DATA ELEMENTS--GENERAL INFORMATION |
| fixed length control field |
200122s1998 nyua b 001 0 eng |
| 020 ## - INTERNATIONAL STANDARD BOOK NUMBER |
| International Standard Book Number |
0471197599 |
| 040 ## - CATALOGING SOURCE |
| Original cataloging agency |
DLC |
| Transcribing agency |
BD-DhUAP |
| Modifying agency |
BD-DhUAP |
| Language of cataloging |
Eng |
| 082 00 - DEWEY DECIMAL CLASSIFICATION NUMBER |
| Classification number |
332.64273 YAM |
| Edition number |
23 |
| 100 1# - MAIN ENTRY--PERSONAL NAME |
| Personal name |
Yamada, Louise, |
| 245 10 - TITLE STATEMENT |
| Title |
Market magic : |
| Remainder of title |
riding the greatest bull market of the century / |
| Statement of responsibility, etc. |
Louise Yamada. |
| 260 ## - PUBLICATION, DISTRIBUTION, ETC. |
| Place of publication, distribution, etc. |
New York : |
| Name of publisher, distributor, etc. |
John Wiley & Sons, |
| Date of publication, distribution, etc. |
c1998. |
| 300 ## - PHYSICAL DESCRIPTION |
| Extent |
xvii, 252 pages : |
| Other physical details |
illustrations ; |
| Dimensions |
26 cm. |
| 490 ## - SERIES STATEMENT |
| Series statement |
Wiley investment series |
| 500 ## - GENERAL NOTE |
| General note |
Includes index. |
| 650 #0 - SUBJECT ADDED ENTRY--TOPICAL TERM |
| Topical term or geographic name entry element |
Stock exchanges |
| Geographic subdivision |
United States |
| General subdivision |
History |
| Chronological subdivision |
20th century. |
| 942 ## - ADDED ENTRY ELEMENTS (KOHA) |
| Source of classification or shelving scheme |
|
| Koha item type |
Book |